Ensayo de una biblioteca española de libros raros y curiosos / (Record no. 54849)

MARC details
000 -LEADER
campo de control de longitud fija 01298nam a22002415i 4500
001 - NÚMERO DE CONTROL
campo de control 54849
003 - IDENTIFICADOR DE NÚMERO DE CONTROL
campo de control ES-MaACL
005 - FECHA Y HORA DE LA ÚLTIMA TRANSACCIÓN
campo de control 20250927063035.0
007 - CAMPO FIJO DE DESCRIPCIÓN FÍSICA--INFORMACIÓN GENERAL
campo de control de longitud fija t|
008 - DATOS DE LONGITUD FIJA--INFORMACIÓN GENERAL
campo de control de longitud fija 940202m18631889sp ||||1| spa d
040 ## - FUENTE DE CATALOGACIÓN
Centro catalogador/agencia de origen CAM
Lengua de catalogación spa
100 1# - ENTRADA PRINCIPAL--NOMBRE DE PERSONA
Nombre de persona Gallardo, Bartolomé José,
Fechas asociadas al nombre 1776-1852
9 (RLIN) 53478
245 10 - MENCIÓN DEL TÍTULO
Título Ensayo de una biblioteca española de libros raros y curiosos /
Mención de responsabilidad, etc. formado con los apuntamientos de Bartolomé Gallardo ; coordinados y aumentados por M.R. Zarco del Valle y J. Sancho Rayón.
260 ## - PUBLICACIÓN, DISTRIBUCIÓN, ETC.
Lugar de publicación, distribución, etc. Madrid :
Nombre del editor, distribuidor, etc. [s.n.],
Fecha de publicación, distribución, etc. 1863-1889 (
Fabricante Imprenta y esterotipia de M. Rivadeneyra)
300 ## - DESCRIPCIÓN FÍSICA
Extensión 4 v. ;
Dimensiones 27 cm.
500 ## - NOTA GENERAL
Nota general En port.: "Obra premiada por la Biblioteca Nacional, por la Junta Pública del 5 de enero de 1862, é impresa á expensas del Gobierno"
505 8# - NOTA DE CONTENIDO CON FORMATO
Nota de contenido con formato Contiene: v. 1. Abad de Ayala-Azpitarte, anónimos (1403 p.) -- v. 2. Babia-Fuentes. Apéndice: índice de los manuscritos de la Biblioteca Nacional (1104, 179 p.) -- v. 3. Galán-Pulgar (1280 p.) -- v. 4. Quesada-Zúñiga y Sotomayor. Suplemento. Últimas adiciones (1572 p.)
650 14 - PUNTO DE ACCESO ADICIONAL DE MATERIA--TÉRMINO DE MATERIA
Término de materia o nombre geográfico como elemento de entrada Libros raros-
Subdivisión geográfica España-
Subdivisión de forma Bibliografías.
9 (RLIN) 14453
700 1# - ENTRADA AGREGADA--NOMBRE PERSONAL
Nombre de persona Sancho Rayón, José.
9 (RLIN) 103049
700 1# - ENTRADA AGREGADA--NOMBRE PERSONAL
Nombre de persona Zarco del Valle, Manuel Remón.
9 (RLIN) 118065
852 ## - LOCALIZACIÓN
Ubicación ES-MaACL
Número de control de estantería B-2945-48
Holdings
Estatus retirado Estado de pérdida Estado de daño No para préstamo Colección Biblioteca de origen Biblioteca actual Ubicación en estantería Fecha de adquisición Fuente de adquisición Total de préstamos Signatura topográfica completa Código de barras Visto por última vez Precio de reemplazo Tipo de ítem Koha
        Libros del s. XIX Biblioteca del Ateneo de Madrid Biblioteca del Ateneo de Madrid Sala Pardo Bazán 17/01/2008     B-2945-48 1057634 23/02/2023 23/02/2023 Libro impreso antiguo